Gaming Quiz

Random Gaming or Pokémon Quiz

Pokemon Moves (Gen VI) Quiz Stats

 Plays Quiz not verified by Sporcle

Also try: Video Game Trees
Challenge
Share
Tweet
Score 0/17 Timer 04:00
0 Plays Today
% Correct
Moonblast
100%
Spiky Shield
91.7%
Mystical Fire
87.5%
Diamond Storm
87.5%
Parabolic Charge
83.3%
King's Shield
83.3%
Origin Pulse
83.3%
Power-Up Punch
79.2%
Precipice Blades
79.2%
% Correct
Sticky Web
75%
Dragon Ascent
75%
Phantom Force
75%
Freeze Dry
70.8%
Hyperspace Hole
66.7%
Hold Hands
62.5%
Topsy-Turvy
58.3%
Venom Drench
50%

You're not logged in!

Compare scores with friends on all Sporcle quizzes.
Join for Free
OR
Log In

You Might Also Like...

Show Comments

Extras

Created Sep 20, 2016ReportNominate
Tags:Pokémon Quiz, gen

Top Quizzes Today


Score Distribution

Your Account Isn't Verified!

In order to create a playlist on Sporcle, you need to verify the email address you used during registration. Go to your Sporcle Settings to finish the process.

Report this User

Report this user for behavior that violates our Community Guidelines.

Details: